Alle Meister der Top13-Ligen Europas (seit 2000) - Statistiken

Allgemein
  • Dieses Quiz wurde 745 mal gespielt
    520 seit der letzten Aktualisierung
  • Das Durchschnittsergebnis liegt bei 50 aus 71
Antwortstatistiken
Land/Liga Anzahl Verein % Korrekt
Deutschland 19x Bayern
99%
Spanien 12x Barcelona
98%
Frankreich 11x PSG
97%
Spanien 9x Real Madrid
97%
Niederlande 9x Ajax Amsterdam
96%
Schottland 19x Celtic Glasgow
96%
Italien 7x Inter Mailand
95%
Italien 11x Juventus
95%
England 8x Manchester City
95%
England 8x Manchester United
95%
Portugal 12x Porto
95%
Italien 3x AC Mailand
94%
Portugal 8x Benfica Lissabon
94%
Österreich 14x RB Salzburg
94%
Deutschland 3x Dortmund
93%
Türkei 12x Galatasaray
93%
Schweiz 6x Young Boys Bern
93%
Schottland 7x Glasgow Rangers
92%
Niederlande 12x PSV
92%
England 5x Chelsea
90%
Frankreich 7x Lyon
90%
Türkei 6x Fenerbahce
88%
England 2x Liverpool
88%
England 2x Arsenal
86%
Österreich 2x Rapid Wien
86%
Deutschland 1x Wolfsburg
86%
Spanien 2x Atletico
85%
Schweiz 13x Basel
85%
Deutschland 1x Bayer Leverkusen
85%
Niederlande 2x Feyenoord
84%
Deutschland 1x Stuttgart
84%
Türkei 5x Besiktas
83%
Belgien 8x FC Brügge
83%
Frankreich 1x Marseille
82%
Portugal 5x Sporting Lissabon
81%
Österreich 3x Austria Wien
80%
Deutschland 1x Bremen
79%
Italien 2x Neapel
77%
Belgien 10x RSC Anderlecht
77%
Tschechien 7x Slavia Prag
76%
Tschechien 9x Sparta Prag
76%
Spanien 2x Valencia
75%
Italien 1x AS Rom
72%
Italien 1x Lazio Rom
71%
England 1x Leicester
71%
Frankreich 2x Monaco
71%
Frankreich 2x Lille
69%
Österreich 3x Sturm Graz
65%
Belgien 1x KAA Gent
58%
Tschechien 6x Viktoria Pilsen
57%
Spanien 1x Deportivo
56%
Belgien 3x KRC Genk
56%
Frankreich 1x Bordeaux
53%
Schweiz 2x Grasshopper Club Zürich
53%
Schweiz 4x FC Zürich
52%
Frankreich 1x Montpellier
50%
Belgien 1x Royal Antwerpen
43%
Belgien 2x Standard Lüttich
41%
Belgien 1x Union Saint-Gilloise
41%
Frankreich 1x Nantes
40%
Türkei 1x Trabzonspor
40%
Niederlande 1x Twente
35%
Türkei 1x Basaksehir
34%
Niederlande 1x Alkmaar
32%
Österreich 3x Tirol Innsbruck
32%
Portugal 1x Boavista Porto
28%
Türkei 1x Bursaspor
22%
Schweiz 1x St. Gallen
22%
Österreich 1x Grazer AK
15%
Tschechien 3x Slovan Liberec
15%
Tschechien 1x Banik Ostrau
9%
Keine übereinstimmenden Quizze gefunden
Verteilung der Resultate
Anzahl Personen mit jedem Resultat
Perzentil nach korrekt beantworteten Fragen
Ihre Resultats-Entwicklung
Sie haben dieses Quiz seit der letzten Aktualisierung nicht gespielt